000 01055cam a22002411i 4500
001 gs 62000204
003 DLC
005 20260227111411.0
008 780317s1962 dcuabd b f000 0 eng
010 _ags 62000204
035 _a(OCoLC)3727267
040 _aDLC
_cOClU
_dISS
_dOCoLC
_dDLC
050 0 0 _aQE75
_b.P9 no. 405
086 0 _aI 19.16:405
100 1 _aFahey, Joseph J.
_q(Joseph John),
_d1901-
245 1 0 _aSaline minerals of the Green River formation ;
_ba study of the mode of occurrence of the saline minerals, their paragenetic relationship, and the economic importance of the trona. /
_cWith a section on X-ray powder data for saline minerals of the Green River formation, by Mary E. Mrose.
260 _aWashington :
_bU.S. Govt. Print. Off.,
_c1962.
300 _av, 50 p. :
_bill., map, diagrs., tables. ;
_c29 cm.
410 2 0 _aGeological Survey (U.S.).
_tProfessional paper ;
_v405
504 _aBibliography : p. 50.
650 0 _aMineralogy
_zGreen River Formation.
650 0 _aMines and mineral resources
_zGreen River Formation.
999 _c29627
_d29627